THE OXFORD STARTER CHINESE DICTIONARY (Record no. 56765)

000 -LEADER
fixed length control field 00490nam a22001817a 4500
003 - CONTROL NUMBER IDENTIFIER
control field MPLRDC
005 - DATE AND TIME OF LATEST TRANSACTION
control field 20220104164029.0
008 - FIXED-LENGTH DATA ELEMENTS--GENERAL INFORMATION
fixed length control field 210129b ||||| |||| 00| 0 eng d
020 ## - INTERNATIONAL STANDARD BOOK NUMBER
International Standard Book Number 0-19-860258-8
082 ## - DEWEY DECIMAL CLASSIFICATION NUMBER
Classification number 805.13 OXF 2000
100 ## - MAIN ENTRY--PERSONAL NAME
Personal name BOPING YUAN 等人
245 ## - TITLE STATEMENT
Title THE OXFORD STARTER CHINESE DICTIONARY
Statement of responsibility, etc.
250 ## - EDITION STATEMENT
Edition statement 初版
260 ## - PUBLICATION, DISTRIBUTION, ETC.
Place of publication, distribution, etc. UNITED STATES
Name of publisher, distributor, etc. OXFORD UNIVERSITY PRESS INC. NEW YORK
Date of publication, distribution, etc. 2000
300 ## - PHYSICAL DESCRIPTION
Other physical details
650 ## - SUBJECT ADDED ENTRY--TOPICAL TERM
Topical term or geographic name entry element DICTIONARY
942 ## - ADDED ENTRY ELEMENTS (KOHA)
Koha item type Book
-- 805.13 OXF 2000
Holdings
Withdrawn status Lost status Source of classification or shelving scheme Damaged status Not for loan Collection code Home library Current library Shelving location Date acquired Cost, normal purchase price Total Checkouts Total Renewals Full call number Barcode Date last seen Date last checked out Price effective from Koha item type Public note
            Malaysian Public Library, Research and Development Centre Malaysian Public Library, Research and Development Centre   10/12/2007 59.80   1 805.13 OXF 2000 E0000981 18/03/2021 03/02/2010 18/03/2021 Book mplrdc

© 2022. Malaysian Public Library, Research and Development Centre. All Right ReservedE-mailmplrdc@help.edu.my 

Powered by Koha